|
|
|
|
| LEADER |
01632nam a2200313 i 4500 |
| 001 |
10039772 |
| 003 |
GR-PaULI |
| 005 |
20221209141500.0 |
| 008 |
220915s2000 gr a g bc 1 gre d |
| 952 |
|
|
|0 0
|1 0
|2 ddc
|4 0
|6 708_000000000000000_MOD
|7 0
|9 364224
|a THST
|b THST
|d 2022-09-15
|i 010673
|l 0
|o 708 MOD
|p 025000288779
|r 2022-09-15 00:00:00
|t 1
|w 2022-09-15
|y BK15
|z Δωρεά ΚΜΣΤ. Συλλογή Κωστάκη
|
| 999 |
|
|
|c 212883
|d 212883
|
| 020 |
|
|
|a 1929641001
|
| 040 |
|
|
|a GR-PaULI
|c GR-PaULI
|b gre
|e AACR2
|
| 041 |
0 |
|
|a gre
|
| 082 |
0 |
4 |
|a 708
|2 23
|
| 245 |
1 |
0 |
|a Modern Odysseys :
|b Greek American artists of the 20th century /
|c Peter Selz, William Valerio.
|
| 260 |
|
|
|a New York :
|b Queens Museum of Art,
|c 1999.
|
| 300 |
|
|
|a 112 σ. :
|b εικ. ;
|c 28 εκ.
|
| 500 |
|
|
|a Έκθεση που πραγματοποιήθηκε στο Queens Museum of Art , Νέα Υόρκη, 3 Σεπτεμβρίου - 30 Νοεμβρίου 2000.
|
| 504 |
|
|
|a Περιλαμβάνει βιβλιογραφία.
|
| 650 |
|
4 |
|a Καλλιτέχνες, Ελληνοαμερικάνοι
|9 193803
|v Εκθέσεις.
|
| 650 |
|
4 |
|a Τέχνη, Αμερικάνικη
|y 20ός αιώνας
|x Εκθέσεις
|9 174244
|
| 650 |
|
4 |
|a Τέχνη, Μοντέρνα
|y 20ός αιώνας
|z Νέα Υόρκη
|v Εκθέσεις
|9 193804
|
| 650 |
|
4 |
|a Τέχνη, Μοντέρνα
|y 20ός αιώνας
|x Εκθέσεις
|9 193674
|
| 700 |
1 |
4 |
|a Selz, Peter
|9 49597
|d 1919-
|e επιμελητής έκθεσης
|
| 700 |
1 |
4 |
|a Valerio, William.
|9 193805
|e επιμελητής έκθεσης
|
| 710 |
2 |
|
|9 193807
|a Queens Museum of Art
|
| 942 |
|
|
|2 ddc
|c BK15
|
| 998 |
|
|
|c MANIA
|d 2022-09
|